000 00465cam a22001934a 4500
005 20250605164314.0
008 250528s ||||||||||||||||||||||||d
035 _a22643
020 _a9780071128162
040 _aGR-AtMCL
_bgre
_dGR-AtMCL
_eAACR2
245 1 _aCOMPUTER ORGANIZATION / A TOP-DOWN APPROACH
250 _a1
260 _bMcgraw Hill,
_c1992
300 _a554
700 1 _aScragg Greg W
_9839
942 _cBK
999 _c7691
_d7691